000 02148cam a2200493Ii 4500
001 vtls003260393
003 MY-SjTCS
005 20200508125012.0
006 m o d
007 cr cnu---unuuu
008 141204s2013 nyua ob 001 0 eng d
020 _a9781107420434 (eISBN)
020 _a1107420431 (eISBN)
020 _a9781107416543 (electronic bk.)
020 _a110741654X (electronic bk.)
020 _a9781139149440 (electronic bk.)
020 _a113914944X (electronic bk.)
020 _z9781107023048
020 _z1107023041
035 _a(OCoLC)859537281
035 _aocn859537281
039 9 _a201809071403
_bVLOAD
_y201412041818
_zshuhada
040 _aN$T
_beng
_erda
_epn
_cN$T
_dYDXCP
_dCAMBR
_dIDEBK
_dCDX
_dWAU
_dOCLCA
043 _ae-it---
082 0 4 _a755/.20945
_223
100 1 _aJacobs, Fredrika Herman.
245 1 0 _aVotive panels and popular piety in early modern Italy /
_cFredrika H. Jacobs, Virginia Commonwealth University, Richmond.
264 1 _aNew York :
_bCambridge University Press,
_c2013.
300 _a1 online resource (xiii, 248 pages, 8 pages of plates) :
_bill.
336 _atext
_2rdacontent
337 _acomputer
_2rdamedia
338 _aonline resource
_2rdacarrier
504 _aIncludes bibliographical references and index.
588 _aDescription based on print version record.
650 0 _aVotive offerings
_zItaly.
650 0 _aPanel painting, Italian
_y15th century.
650 0 _aPanel painting, Italian
_y16th century.
650 0 _aChristian art and symbolism
_zItaly
_yModern period, 1500-
650 0 _aChristianity and culture
_zItaly
_xHistory
_y16th century.
650 0 _aArt and popular culture
_zItaly
_xHistory
_y16th century.
655 4 _aElectronic books.
776 0 8 _iPrint version:
_aJacobs, Fredrika Herman.
_tVotive panels and popular piety in early modern Italy
_z9781107023048
_w(DLC) 2013019583
_w(OCoLC)828140292
856 4 0 _uhttps://ezproxy.taylors.edu.my/login?url=http://search.ebscohost.com/login.aspx?direct=true&scope=site&db=nlebk&db=nlabk&AN=622076
_zAn electronic book accessible through the World Wide Web; click to view
999 _c160443